Θερινή πρακτική εξάσκηση : πρακτικά Β' ημερίδας, 25 Μαϊου 1990

Αποθηκεύτηκε σε:
Λεπτομέρειες βιβλιογραφικής εγγραφής
Συγγραφή απο Οργανισμό/Αρχή: Πανεπιστήμιο Αιγαίου Τμήμα Διοίκησης Επιχειρήσεων
Μορφή: Βιβλίο
Γλώσσα:Greek
Δημοσίευση: Χίος : Πανεπιστήμιο Αιγαίου. Τμήμα Διοίκησης Επιχειρήσεων, 1990
Θέματα:
Ετικέτες: Προσθήκη ετικέτας
Δεν υπάρχουν, Καταχωρήστε ετικέτα πρώτοι!

MARC

LEADER 00000cam a2200000 i 4500
001 1/27266
008 020910s1990 gre d
035 |l 10068404 
040 |a GR-MY-UA  |b gre  |e aacr 
041 0 |a gre 
082 0 |a 331.25  |2 (22) 
110 2 |a Πανεπιστήμιο Αιγαίου  |b Τμήμα Διοίκησης Επιχειρήσεων. 
245 1 0 |a Θερινή πρακτική εξάσκηση :  |b πρακτικά Β' ημερίδας, 25 Μαϊου 1990 /  |c Πανεπιστήμιο Αιγαίου. Τμήμα Διοίκησης Επιχειρήσεων 
260 |a Χίος :   |b Πανεπιστήμιο Αιγαίου. Τμήμα Διοίκησης Επιχειρήσεων,   |c 1990 
300 |a 122 σ.;  |c 22 εκ. 
650 0 0 |a Apprentices. 
650 0 0 |a Career education  |z Greece. 
650 0 0 |a Vocational education  |z Greece. 
650 0 0 |a Business  |x Management. 
852 |a INST  |b CHIOS  |e 20051012  |h 331.25 ΠΑΝ  |p 005200024704  |q 005200024704  |t BK  |y 0 
852 |a INST  |b CHIOS  |e 20051012  |h 331.25 ΠΑΝ  |p 005200024705  |q 005200024705  |t BK  |y 0 
852 |a INST  |b RHODES  |e 20020910  |h 658 ΠΑΝ  |p 005400000374  |q 005400000374  |t BK  |y 0 
909 |a Ρ  |b 009879 
909 |a Χ  |b 022316 
909 |a Χ  |b 022311 
970 |a ΣΑΛΑΜΟΥΡΑ  |b ΜΑΡΙΑ  |z 2005/10/12